Business analytics for human resources (Record no. 359816)

MARC details
000 -LEADER
fixed length control field 00497 a2200193 4500
005 - DATE & TIME
control field 20250328113722.0
008 - FIXED-LENGTH DATA ELEMENTS--GENERAL INFORMATION
fixed length control field 250328b |||||||| |||| 00| 0 eng d
020 ## - ISBN
International Standard Book Number 9781680954715
Price $ 79.95
040 ## - CATALOGING SOURCE
Original cataloging agency VIVEKANANDA LIBRARY
082 ## - DDC NUMBER
Classification number 658.472
Book Number T413B
100 ## - MAIN ENTRY--PERSONAL NAME
Personal name 3G E-Learing
245 ## - TITLE STATEMENT
Title Business analytics for human resources
260 ## - PUBLICATION, DISTRIBUTION, ETC. (IMPRINT)
Name of publisher, distributor, etc 3G E-Learning
Date of publication, distribution, etc 2017
Place of publication, distribution, etc [n.p.]
300 ## - PHYSICAL DESCRIPTION
Pages xii, 228
650 ## - Subject
Subject Management
650 ## - Subject
Subject Business Analytics
650 ## - Subject
Subject Human Resources
942 ## - ADDED ENTRY ELEMENTS (KOHA)
Koha item type Books
Holdings
Withdrawn status Lost status Source of classification or shelving scheme Damaged status Not for loan Location (home branch) Sublocation or collection (holding branch) Shelving location Date acquired Koha issues (times borrowed) Koha full call number Accession No. Koha date last seen Koha item type
    Dewey Decimal Classification     VIVEKANANDA LIBRARY VIVEKANANDA LIBRARY IMSAR Library 13/02/2025   658.472 T413B 420674 13/02/2025 Books
© Designed and Maintained by Vivekananda Library, MDU Rohtak